000 00562nmm a2200169Ia 4500
008 251105s9999||||xx |||||||||||||||||und||
041 _aspa
100 _aGarcía Callejón, Beatriz
245 0 _aCoaching y liderazgo personal
264 _a[Madrid, España] :
_bMinisterio de Educación, Cultura y Deporte de España,
_c2017
300 _a110 páginas
650 _aSelf-help and personal development
700 _aGarcía Callejón, Beatriz
700 1 _a Martín Recas, Leticia
856 _uhttps://public.digitaliapublishing.com/a/56229
942 _cCF
999 _c65875
_d65875